[Event "Bayern-ch Seniors 05th"]
[Site "Schloss Schney"]
[Date "1993.??.??"]
[Round "6"]
[White "Hahn, Richard"]
[Black "Lein, Josef"]
[Result "1-0"]
[WhiteElo "1785"]
[BlackElo "1665"]
[PlyCount "37"]
[EventDate "1993.04.??"]
[EventType "swiss"]
[EventRounds "9"]
[EventCountry "GER"]
[SourceTitle "EXT 2006"]
[Source "ChessBase"]
[SourceDate "2005.11.24"]
[SourceVersion "1"]
[SourceVersionDate "2005.11.24"]
[SourceQuality "1"]

1. d4 d5 2. Nf3 Nf6 3. Bg5 Nbd7 4. e3 a6 5. Bd3 b5 6. a4 b4 7. c4 Bb7 8. c5 c6 9. a5 Bc8 10. Nbd2 e6 11. Qa4 Qc7 12. 0-0 Qb7 13. Rfc1 h6 14. Bxf6 Nxf6 15. Ne5 Bd7 16. Qd1 Be7 17. Qe2 0-0 18. f4 Bc8 19. g4 1-0

[Event "Bayern-ch Seniors 05th"]
[Site "Schloss Schney"]
[Date "1993.??.??"]
[Round "1"]
[White "Lein, Josef"]
[Black "Fischer, Martin1111"]
[Result "0-1"]
[WhiteElo "1665"]
[BlackElo "1820"]
[PlyCount "76"]
[EventDate "1993.04.??"]
[EventType "swiss"]
[EventRounds "9"]
[EventCountry "GER"]
[SourceTitle "EXT 2006"]
[Source "ChessBase"]
[SourceDate "2005.11.24"]
[SourceVersion "1"]
[SourceVersionDate "2005.11.24"]
[SourceQuality "1"]

1. c4 Nf6 2. d4 e6 3. Nc3 Bb4 4. e3 Ne4 5. Bd2 Nxd2 6. Qxd2 b6 7. Nf3 Bb7 8. Be2 d5 9. a3 Be7 10. cxd5 exd5 11. 0-0 Nd7 12. Rac1 Rc8 13. b4 c6 14. Bd3 c5 15. bxc5 bxc5 16. Bb5 c4 17. Ne5 Rc7 18. Qb2 0-0 19. Bxd7 Rxd7 20. Nxd7 Qxd7 21. a4 Bc6 22. Ra1 h5 23. Rfb1 h4 24. h3 g5 25. Qe2 Kg7 26. e4 dxe4 27. Qxc4 Bf6 28. Ne2 Rc8 29. Rc1 Bb7 30. Qb4 Rd8 31. Rd1 Ba6 32. Nc3 Bd3 33. d5 Qf5 34. Re1 Rc8 35. Rac1 Rc4 36. Qb2 Qc8 37. Qa3 Bxc3 38. Rxc3 Rxc3 0-1

[Event "Bayern-ch Seniors 05th"]
[Site "Schloss Schney"]
[Date "1993.??.??"]
[Round "8"]
[White "Lein, Josef"]
[Black "Kotz, Wolfram"]
[Result "1-0"]
[WhiteElo "1665"]
[BlackElo "1955"]
[PlyCount "34"]
[EventDate "1993.04.??"]
[EventType "swiss"]
[EventRounds "9"]
[EventCountry "GER"]
[SourceTitle "EXT 2006"]
[Source "ChessBase"]
[SourceDate "2005.11.24"]
[SourceVersion "1"]
[SourceVersionDate "2005.11.24"]
[SourceQuality "1"]

1. c4 e5 2. Nc3 Nc6 3. Nf3 d6 4. e3 g6 5. Be2 Nf6 6. d4 exd4 7. exd4 Bg7 8. 0-0 0-0 9. a3 a6 10. d5 Ne5 11. Re1 Re8 12. Bd2 Bg4 13. Nxe5 Rxe5 14. Bxg4 Rxe1+ 15. Bxe1 Qe7 16. Bf3 Nd7 17. Kf1 Qh4 1-0